|
|
|
|
| LEADER |
00000nam0a2200000 4500 |
| 001 |
133971 |
| 005 |
20231101220448.0 |
| 010 |
|
|
|a 5268010441
|
| 010 |
|
|
|a 5-268-01038-8
|
| 020 |
|
|
|a RU
|b 93-18224
|
| 035 |
|
|
|a (RuTPU)RU\TPU\book\145215
|
| 090 |
|
|
|a 133971
|
| 100 |
|
|
|a 20080325g1993 m y0rusy5003 ca
|
| 101 |
0 |
|
|a rus
|
| 102 |
|
|
|a RU
|
| 105 |
|
|
|a y z 001ay
|
| 200 |
1 |
|
|a Пословицы русского народа
|e Сборник В. Даля
|e в 3 томах
|f В. И. Даль
|h Т. 3
|
| 210 |
|
|
|a Москва
|c Русская книга
|d 1993
|
| 215 |
|
|
|d 14 см
|a 736 с.
|c портр.
|
| 225 |
1 |
|
|a Живое русское слово
|
| 320 |
|
|
|a Указатель по содержанию и смыслу пословиц: с. 716-731
|
| 610 |
1 |
|
|a пословицы
|
| 610 |
1 |
|
|a поговорки
|
| 675 |
|
|
|a 811
|z rus
|
| 700 |
|
1 |
|a Даль
|b В. И.
|c русский писатель, лексикограф, этнограф
|c член-корреспондент Петербургской Академии наук
|f 1801-1872
|g Владимир Иванович
|2 stltpush
|3 (RuTPU)RU\TPU\pers\10607
|9 2283
|
| 801 |
|
0 |
|a RU
|b RuMRKP
|c 19950413
|g psbo
|
| 801 |
|
1 |
|a RU
|b 63413507
|c 20080325
|g PSBO
|
| 801 |
|
2 |
|a RU
|b 63413507
|c 20141201
|g PSBO
|
| 942 |
|
|
|c BK
|